| Tag |
First Indicator |
Second Indicator |
Subfields |
| LEADER |
00000cam a22000001 4500 |
| 001 |
in00000099012 |
| 005 |
20150926125552.0 |
| 008 |
700729s1964 fr a b 00000 eng |
| 010 |
|
|
|a 68006354
|
| 035 |
|
|
|a (OCoLC)00434062
|
| 035 |
|
|
|9 AAL3693AM
|
| 040 |
|
|
|a DLC
|c DLC
|d TXA
|d UtOrBLW
|
| 049 |
|
|
|a TXAM
|c [1147937]
|
| 050 |
0 |
0 |
|a TL500
|b .N6 no. 92
|
| 082 |
0 |
|
|a 629.45/3
|
| 245 |
0 |
0 |
|a Orbit optimization and laser applications.
|
| 264 |
|
1 |
|a [Paris] :
|b North Atlantic Treaty Organization, Advisory Group for Aerospace Research and Development,
|c [1964?]
|
| 300 |
|
|
|a iii, 484 pages :
|b illustrations ;
|c 27 cm.
|
| 336 |
|
|
|a text
|b txt
|2 rdacontent
|
| 337 |
|
|
|a unmediated
|b n
|2 rdamedia
|
| 338 |
|
|
|a volume
|b nc
|2 rdacarrier
|
| 490 |
1 |
|
|a AGARDograph ;
|v 92
|
| 500 |
|
|
|a "A lecture series sponsored by AGARD and presented at Dusseldorf, Germany, October 22-24, 1964."
|
| 504 |
|
|
|a Bibliography: pages 480-484.
|
| 650 |
|
0 |
|a Space vehicles
|x Guidance systems.
|
| 650 |
|
0 |
|a Laser communication systems.
|
| 710 |
2 |
|
|a North Atlantic Treaty Organization.
|b Advisory Group for Aerospace Research and Development.
|
| 830 |
|
0 |
|a AGARDograph ;
|v no. 92.
|
| 999 |
|
|
|a MARS
|
| 999 |
f |
f |
|s f8104316-d0f3-35a8-ac83-e8a38944a77b
|i 23263221-210a-3222-a1d8-680b3e05419e
|t 0
|
| 952 |
f |
f |
|p ric
|a Texas A&M University
|b Rellis Campus
|c Joint Library Facility
|d Remote Storage
|t 0
|e TL500 .N6 no. 92
|h Library of Congress classification
|i unmediated -- volume
|m A14805530154
|
| 998 |
f |
f |
|a TL500 .N6 no. 92
|t 0
|l Remote Storage
|